000 00495nam a2200121Ia 4500
008 220620s9999||||xx |||||||||||||| ||und||
100 _aScholten, Ulrich
245 0 _aDynamic Network Notation: A Graphical Modeling Language to Support the Visualization and Management of Network Effects in Service Platforms
546 _aEnglish[eng]
650 _aControl Theory||Graphical Modeling Language||Network Effects||Service Platforms
856 _uhttps://www.ksp.kit.edu/9783731500575
942 _cEB
999 _c35002
_d35002